01443nam a2200217 i 4500001001000000003000900010005001700019007000300036008004100039040003000080082001400110100004600124245005000170264006500220300002700285336002700312337003300339338002800372505075900400651006601159000030370DO-SdBNP20250630121913.0ta110511s199? dr 000 0 spa d aDO-SdBNPbspacBNPHUerda bG861e2221 aGrimaldi Silié, Eleanor, d1948-eautor13aLa era de Trujillo /cEleanor Grimaldi Silie. aSanto Domingo :bCODETEL ,bEl Siglo,cfecha no identificada a32 páginas ;c28 cm. ardacontentbtexto2txt ardamediabsin mediación2n brdacarrier0volumen2nc aRafael Leonidas Trujillo Molina 4|Rasgos de su personalidad 5|Antecedentes que prepararon el camino a la presidencia 6|Papel desempeñado durante la ocupación de 1916 8|Plan de evacuación-salida de las tropas norteamericanas 9|Traición a Horacio Vásquez 11|Inicios de su gobierno 14|Continúa la Represión 15|Medidas económicas al inicio del gobierno 16|Dominicanización fronteriza 17|Elección de un nuevo gobernante 18|Tratado Trujillo-Hull 19|La República Dominicana después de la Segunda Guerra Mundial 19|La oposición desde el exilio 20|Los años 50|Consecuencias de la invasión de 1959 23|Crisis final de La Era 24|Estilo personal del régimen 28|Notas sobre la educación y la cultura durante el gobierno de Trujillo 30 0aRepública DominicanaxHistoria yEra de Trujillo, 1930-1961